Myšlenka - mocná síla : jak naše myšlenky utvářejí každodenní život /

Hlavní autor: Oetinger, Manuela
Jazyk: Čeština
Vydáno: V Praze : Metafora, 2013
Vydání: Vyd. 1.
Témata:
Fyzický popis: 172 s. : il. ; 21 cm
Knihy
Uloženo v:
LEADER 01777nam a2200517 a 4500
001 nkc20132440242
003 CZ PrNK
005 20130524071609.0
007 ta
008 130205s2013 xr a e f 000 0 cze
015 |a cnb002440242 
020 |a 978-80-7359-262-2  |q (váz.) 
035 |a (OCoLC)847727559 
040 |a OLA001  |b cze 
041 1 |a cze  |h ger 
072 7 |a 159.95  |x Vyšší duševní procesy  |2 Konspekt  |9 17 
080 |a 159.955  |2 MRF 
080 |a 133  |2 MRF 
080 |a 159.96  |2 MRF 
080 |a 577.337  |2 MRF 
080 |a 165.24  |2 MRF 
080 |a (0.062)  |2 MRF 
100 1 |a Oetinger, Manuela  |7 mzk2005272928  |4 aut 
245 1 0 |a Myšlenka - mocná síla :  |b jak naše myšlenky utvářejí každodenní život /  |c Manuela Oetingerová ; přeložil Eduard Světlík 
246 3 0 |a Jak naše myšlenky utvářejí každodenní život 
246 1 4 |a Myšlenka 
250 |a Vyd. 1. 
260 |a V Praze :  |b Metafora,  |c 2013 
300 |a 172 s. :  |b il. ;  |c 21 cm 
500 |a Přeloženo z němčiny 
650 0 7 |a myšlení  |7 ph115391  |x esoterické aspekty  |2 czenas 
650 0 7 |a aura  |7 ph118673  |2 czenas 
650 0 7 |a energetický systém člověka  |7 ph137672  |2 czenas 
650 0 7 |a meditační techniky  |7 ph135741  |2 czenas 
650 0 9 |a thought and thinking  |x esoteric aspects  |2 eczenas 
650 0 9 |a aura  |2 eczenas 
650 0 9 |a human bioenergetics  |2 eczenas 
650 0 9 |a meditation techniques  |2 eczenas 
655 7 |a populárně-naučné publikace  |7 fd131864  |2 czenas 
655 9 |a popular works  |2 eczenas 
765 0 |t Gedankenkräfte  |9 Česky 
910 2 |a BOA001  |b 2-1305.270 
990 |a BK 
995 |a 01 
991 |b 201305  |c NOV  |e n 
996 6 |b 2610548180  |c 2-1305.270  |l MZK  |r Sklad / do 1 hodiny  |n 4  |p p.v.  |w 001325208  |u 000010  |a 1  |e BOA001  |j MZK50  |s P